| 000 | 01666nam a2200313Ia 4500 | ||
|---|---|---|---|
| 003 | OSt | ||
| 005 | 20200819132931.0 | ||
| 008 | 191128s2010 ck fr 000 0 spa d | ||
| 020 | _a9789587380996 | ||
| 040 |
_aCO-JMCR _cCO-JMCR |
||
| 041 | 0 | _aspa | |
| 082 | 0 | 4 |
_a346.02304 / _bC177c _223 |
| 100 | 1 |
_aCastro Cuenca, Carlos Guillermo, _eautor _98904 |
|
| 245 | 1 | 3 |
_aLa contratación estatal : _bteoría general perspectiva comparada y regulación internacional / _cCarlos Guillermo Castro Cuenca, Luisa Fernanda García López y Juan Ramón Martínez Vargas |
| 250 | _aPrimera edición | ||
| 260 |
_aBogotá : _bUniversidad del Rosario, _c2010 |
||
| 300 |
_a316 páginas ; _c24 cm. |
||
| 490 | 0 | _aColección de textos de Jurisprudencia | |
| 500 | _aIncluye datos biográficos de los autores en solapa frontal. | ||
| 504 | _aBibliografía: páginas 285-316 | ||
| 505 | 0 | _aTeoría general de la contratación administrativa -- Origen y desarrollo de la contratación pública -- Los principios de la función y de la contratación pública -- La capacidad -- El desarrollo del proceso de contratación | |
| 520 | 3 | _aPor medio de esta obra se pretende exponer una teoría general de la contratación pública enfocada a la elaboración de los principios generales que desarrollan. Para ello, se realiza un estudio multidisciplinario desde la óptica del derecho administrativo. | |
| 650 | 1 | 4 |
_aAdministración pública _98905 |
| 650 | 1 | 4 |
_aContratos administrativos _98906 |
| 650 | 1 | 4 |
_aContratos públicos _98907 |
| 700 | 1 |
_aGarcía López, Luisa Fernanda, _eautor _98908 |
|
| 700 | 1 |
_aMartínez Vargas, Juan Ramón, _eautor _98909 |
|
| 942 |
_2ddc _cBK |
||
| 999 |
_c5914 _d5914 |
||